| 000 | 00430 a2200133 4500 | ||
|---|---|---|---|
| 001 | 87723 | ||
| 082 | _aPR 100 | ||
| 090 |
_c41182 _d41182 |
||
| 100 | _aKhurram, Plt Off 16072 | ||
| 245 | _aDesign and implementation of navigation and control system for ATRI turbofan airship | ||
| 260 |
_aRisalpur _bCAE, PAF Academy Risalpur _c2012 |
||
| 300 |
_avii, 49p. _eMansoor Ahsan, Sqn Ldr ; Rashid, Sqn Ldr |
||
| 500 | _aBE Project Reports | ||
| 942 |
_aCAE NUST _kPR 100 |
||
| 999 |
_c322796 _d322796 |
||